Kỹ thuật lập trình turbo pascal 5-7 Giáo trình cơ sở và nâng cao với kỹ thuật lập trình hướng đối tượng
Các khái niệm cơ bản về Turbo pascal. Các khía cạnh của Turbo pascal 5.0 và cách lập trình hướng đối tượng trong tubor pascal 6 (Nguyễn lý và minh hoạ bằng ví dụ)
সংরক্ষণ করুন:
| প্রধান লেখক: | |
|---|---|
| বিন্যাস: | গ্রন্থ |
| ভাষা: | Vietnamese |
| প্রকাশিত: |
H.
Giáo dục
2001
|
| বিষয়গুলি: | |
| ট্যাগগুলো: |
ট্যাগ যুক্ত করুন
কোনো ট্যাগ নেই, প্রথমজন হিসাবে ট্যাগ করুন!
|
| Thư viện lưu trữ: | Mạng thư viện Đại học Đà Nẵng |
|---|
| LEADER | 01496nam a22003978a 4500 | ||
|---|---|---|---|
| 001 | 000009318 | ||
| 003 | 5514 | ||
| 005 | 20120302090308.0 | ||
| 008 | 111026s2001 b 000 0 od | ||
| 020 | |c 42000đ |d 1000b | ||
| 041 | 0 | |a 9610 | |
| 041 | 0 | |a vie | |
| 080 | |a 6T7.3-01(075) | ||
| 082 | |a 005.117 |b PH-Â | ||
| 084 | |a F973-2-018z7 |b K600T | ||
| 100 | 1 | |a Phạm Văn Ât | |
| 245 | 1 | 0 | |a Kỹ thuật lập trình turbo pascal 5-7 |b Giáo trình cơ sở và nâng cao với kỹ thuật lập trình hướng đối tượng |c Phạm Văn Ât |
| 260 | |a H. |b Giáo dục |c 2001 | ||
| 300 | |a 557tr |c 21cm | ||
| 520 | |a Các khái niệm cơ bản về Turbo pascal. Các khía cạnh của Turbo pascal 5.0 và cách lập trình hướng đối tượng trong tubor pascal 6 (Nguyễn lý và minh hoạ bằng ví dụ) | ||
| 653 | |a tin học | ||
| 653 | |a máy tính điện tử | ||
| 653 | |a lập trình | ||
| 653 | |a turbo pascal 5-7 | ||
| 653 | |a giáo trình | ||
| 910 | |a Nguyễn Thị Kim Oanh |d 26/10/2011 | ||
| OWN | |a LSP | ||
| AVA | |a UDN50 |b LSP |d 005.117 PH-Â |e available |t Error 5001 Not defined in file expand_doc_bib_avail. |f 4 |g 0 |h N |i 0 |k 1 | ||
| 999 | |a From the UDN01 | ||
| AVA | |a UDN50 |b LSP |d 005.117 PH-Â |e available |t Error 5001 Not defined in file expand_doc_bib_avail. |f 4 |g 0 |h N |i 0 |k 1 | ||
| TYP | |a Monograph | ||
| TYP | |a Printed language | ||
| 980 | |a Mạng thư viện Đại học Đà Nẵng | ||